| 000 | 01079nac a22002891u 4500 | ||
|---|---|---|---|
| 999 |
_c9873 _d9873 |
||
| 003 | EG-ScBUE | ||
| 005 | 20201031133032.0 | ||
| 008 | 200219s2004 ii f 000 0 eng d | ||
| 020 | _a8175812028 | ||
| 040 |
_aEG-ScBUE _beng _erda _cEG-ScBUE _dEG-ScBUE |
||
| 082 | 0 | 0 |
_a812.52 _bTIL _222 |
| 100 | 1 |
_aTilaka, Raghukula, _eauthor. |
|
| 245 | 1 | 0 |
_aEugene O'Neill : _bdesire under the elms : edited with a critical introduction, complete text with paraphrase, summary and select aspects of the play / _cDr. Raghukul Tilak, formerly head, Department of English, Meerut College, Meerut. |
| 250 | _aTenth edition. | ||
| 264 | 1 |
_aNew Delhi : _bRama Brothers India Pvt. Ltd, _c2004. |
|
| 300 |
_a258 pages ; _c21 cm |
||
| 336 |
_2rdacontent _atext _btxt |
||
| 337 |
_2rdamedia _aunmediated _bn |
||
| 338 |
_2rdacarrier _avolume _bnc |
||
| 500 | _adistributer: Al-Ahram | ||
| 600 | 1 | 0 |
_aO'Nill, Eugene _d1888-1935, _xCriticism and interpretation. |
| 650 | _2BUEsh | ||
| 651 | _2BUEsh | ||
| 653 |
_bGGEN _cOctober2020 |
||
| 655 |
_vReading book _934232 |
||
| 942 |
_cBB _k812.52ONE _2ddc |
||